[Event "ETCC w"]
[Site "Crete GRE"]
[Date "2007.11.05"]
[Round "8"]
[White "Fragaki,M"]
[Black "Rautanen,S"]
[Result "0-1"]
[WhiteElo "1922"]
[BlackElo "1961"]

1.e4 d6 2.d4 Nf6 3.Nc3 e5 4.Nf3 Nbd7 5.Bc4 Be7 6.O-O O-O 7.a4 a5 8.Re1 c6
9.Ba2 exd4 10.Nxd4 Nc5 11.f3 Be6 12.Bxe6 fxe6 13.e5 Nd5 14.Nxd5 exd5 15.e6 Qb6
16.Kh1 Rae8 17.g3 Bf6 18.Ra2 Qc7 19.Nf5 Nxe6 20.c4 d4 21.Re4 Qd7 22.g4 Nc5
23.Rxe8 Rxe8 24.Bf4 Be5 25.Bd2 b6 26.b4 Nd3 27.Qb1 Nxb4 28.Bxb4 axb4 29.Qxb4 Qc7
30.Rb2 d3 31.Rd2 Bf4 32.Rxd3 Re2 33.Ng3 Bxg3 34.hxg3 Qe7 35.Rd1 Qe3 36.Rf1 Qh6+  0-1

[Event "Open"]
[Site "Villa de Navalmoral ESP"]
[Date "2007.11.06"]
[Round "2"]
[White "Gofshtein,Z"]
[Black "Redondo Arguelles,G"]
[Result "1-0"]
[WhiteElo "2542"]
[BlackElo "2101"]

1.d4 d6 2.e4 Nf6 3.Nc3 Nbd7 4.g4 e5 5.g5 Ng8 6.f4 c6 7.Nf3 Qe7 8.dxe5 dxe5
9.f5 Nb6 10.Bd3 Bd7 11.Qe2 h6 12.Rg1 hxg5 13.Bxg5 f6 14.Be3 O-O-O 15.Nd2 Kc7
16.a4 Qe8 17.a5 Nc8 18.Bc4 Nce7 19.O-O-O g6 20.fxg6 Nxg6 21.Qf2 Bb4 22.Qxf6 N8e7
23.Bf7 Rf8 24.Rdf1 Bf5 25.Bxe8 Rxf6 26.Bxg6  1-0

[Event "4NCL"]
[Site "Birmingham ENG"]
[Date "2007.11.11"]
[Round "4"]
[White "Hague,B"]
[Black "Shaw,J"]
[Result "0-1"]
[WhiteElo "2290"]
[BlackElo "2446"]

1.e4 d6 2.d4 Nf6 3.Nc3 e5 4.Nge2 Be7 5.f3 exd4 6.Nxd4 O-O 7.Be3 d5 8.e5 Ne8
9.Nb3 c6 10.Bd3 Nd7 11.f4 f5 12.Qh5 g6 13.Qf3 Ng7 14.O-O-O a5 15.Nxd5 cxd5
16.Qxd5+ Kh8 17.Bb5 a4 18.Na1 Nb8 19.c4 Qc7 20.Nc2 Be6 21.Qd3 Nc6 22.Bd2 Rfc8
23.Ne3 Na7 24.Kb1 Nxb5 25.cxb5 Rd8 26.Qe2 Qc5 27.Rc1 Qd4 28.Rhd1 a3  0-1

[Event "4NCL"]
[Site "Birmingham ENG"]
[Date "2007.11.11"]
[Round "4"]
[White "Rendle,T"]
[Black "Berry,N"]
[Result "1/2-1/2"]
[WhiteElo "2397"]
[BlackElo "2307"]

1.e4 d6 2.d4 Nf6 3.Nc3 e5 4.dxe5 dxe5 5.Qxd8+ Kxd8 6.Bc4 Bb4 7.f3 Ke7 8.Ne2 c6
9.a3 Bd6 10.Be3 b5 11.Bb3 Be6 12.Bxe6 Kxe6 13.Nc1 Nbd7 14.Nd3 Nb6 15.b3 Nfd7
16.Ke2 a5 17.a4 b4 18.Nb1 c5 19.Nd2 c4 20.Nxc4 Nxc4 21.bxc4 Rhc8 22.Nb2 Bc5
23.Rhd1 Nb6 24.Bxc5 Rxc5 25.Rd3 Nxc4 26.Nxc4 Rxc4 27.Kd2 Rac8 28.Ra2 R8c6
29.Rb2 Ke7 30.Rd5 Rd6 31.Rxd6 Kxd6 32.Rb3 Rd4+ 33.Ke2  1/2-1/2

[Event "Open"]
[Site "Liberec CZE"]
[Date "2007.11.14"]
[Round "5"]
[White "Baum,B"]
[Black "Pichl,M"]
[Result "1-0"]
[WhiteElo "2210"]
[BlackElo "2082"]

1.e4 d6 2.d4 Nf6 3.Nc3 Nbd7 4.g3 e5 5.Nge2 Be7 6.Bg2 O-O 7.h3 c6 8.a4 b6
9.O-O a6 10.Be3 Bb7 11.g4 b5 12.Ng3 exd4 13.Bxd4 g6 14.Qe2 Qc7 15.f4 b4 16.Nd1 c5
17.Bf2 Bc6 18.Ne3 Qb7 19.Nc4 a5 20.b3 Rfe8 21.Rfe1 Nxe4 22.Nxe4 d5 23.Nxa5 Rxa5
24.Nd6 Bxd6 25.Qxe8+ Kg7 26.Qe3 Qc7 27.Bg3 Nf6 28.Rf1 d4 29.Qf2 Nd5 30.Bxd5 Bxd5
31.Kh2 Kg8 32.Rae1 Ra8 33.f5 c4 34.Bxd6 Qxd6+ 35.Qf4 Qc5 36.f6 cxb3 37.cxb3 Bxb3
38.Re7 g5 39.Qf3 Bd5 40.Qf5 h6 41.Rd7 Re8 42.Rxd5 Qc7+ 43.Kh1 Re3 44.Rf3 Qc1+
45.Kg2 Qc7 46.Rxe3 dxe3 47.Qd3  1-0

[Event "TCh-FIN 2007-8"]
[Site "Finland FIN"]
[Date "2007.11.17"]
[Round "4"]
[White "Vihinen,T"]
[Black "Rehn,R"]
[Result "0-1"]
[WhiteElo "2194"]
[BlackElo "2180"]

1.e4 d6 2.d4 Nf6 3.Nc3 e5 4.dxe5 dxe5 5.Qxd8+ Kxd8 6.Bg5 Be6 7.O-O-O+ Nd7
8.Nf3 Bd6 9.Nb5 Ke7 10.Nxd6 cxd6 11.Nd2 h6 12.Bh4 g5 13.Bg3 Rac8 14.Kb1 d5
15.exd5 Nxd5 16.Nb3 f6 17.Rd2 Rhd8 18.Be2 Nc5 19.f3 Nxb3 20.axb3 Nc3+ 21.bxc3 Rxd2
22.Bd1 Rxg2 23.c4 Rd8 24.Kc1 h5 25.Be1 Bf5 26.Bb4+ Kf7 27.Bc5 Rxd1+  0-1

[Event "ch-UKR Final"]
[Site "Kharkov UKR"]
[Date "2007.11.17"]
[Round "1"]
[White "Solodovnichenko,Y"]
[Black "Arzumanian,G"]
[Result "0-1"]
[WhiteElo "2564"]
[BlackElo "2493"]

1.e4 d6 2.d4 Nf6 3.Nc3 e5 4.Nf3 Nbd7 5.Bc4 Be7 6.O-O O-O 7.Re1 c6 8.a4 a5
9.h3 exd4 10.Nxd4 Nc5 11.Bf4 Be6 12.Nxe6 fxe6 13.Bxd6 Bxd6 14.e5 Nd5 15.exd6 Qxd6
16.Ne4 Nxe4 17.Rxe4 Rf6 18.Qd4 Raf8 19.Rae1 Kf7 20.Be2 Qb4 21.Bh5+ g6 22.Qa7 Qxb2
23.Bg4 Re8 24.Qxa5 Qxc2 25.Qa7 Re7 26.R4e2 Qb3 27.Qb8 h5 28.Bf3 Re8 29.Qe5 Qxa4
30.Re4 Qa7 31.Qg5 Qb8 32.Rh4 Rf5 33.Qh6 Rh8 34.Qd2 Qd8 35.Ra4 Re8 36.Be4 Rf6
37.Ra7 Qb6 38.Raa1 Qd8 39.Reb1 Re7 40.Ra7 Qb8 41.Rba1 Qf4 42.Qc2 Kg7 43.g3 Qe5
44.Rb1 Qb8 45.Qc5 Ref7 46.Ra2 h4 47.Kg2 Qe5 48.Bxd5 exd5 49.Rab2 hxg3 50.fxg3 Rf3  0-1

[Event "ch-UKR Final"]
[Site "Kharkov UKR"]
[Date "2007.11.18"]
[Round "2"]
[White "Vysochin,S"]
[Black "Malaniuk,V"]
[Result "1/2-1/2"]
[WhiteElo "2524"]
[BlackElo "2496"]

1.e4 d6 2.d4 Nf6 3.Nc3 e5 4.Nge2 Be7 5.f3 O-O 6.Be3 exd4 7.Qxd4 Nc6 8.Qd2 Ne5
9.Ng3 c6 10.f4 Ng6 11.h3 d5 12.e5 Nd7 13.O-O-O b5 14.Nf5 Bc5 15.g4 Bxe3 16.Qxe3 Nb6
17.Ne4 Nc4 18.Bxc4 bxc4 19.Nxg7 Kxg7 20.f5 Nxe5 21.f6+ Kh8 22.Qh6 Rg8 23.Ng5 Rxg5
24.Qxg5 Ng6 25.h4 Qg8 26.Rhe1 Bd7 27.h5 Nf8 28.Qxg8+ Kxg8 29.Re7 a5 30.g5 a4  1/2-1/2

[Event "WYg16"]
[Site "Kemer TUR"]
[Date "2007.11.20"]
[Round "3"]
[White "Newrkla,K"]
[Black "Mitali,M"]
[Result "1-0"]
[WhiteElo "2037"]
[BlackElo "1878"]

1.e4 d6 2.d4 Nf6 3.Nc3 e5 4.Nf3 Nbd7 5.Bc4 Be7 6.O-O O-O 7.h3 c6 8.a4 b6
9.Qe2 Qc7 10.Rd1 Bb7 11.Be3 a6 12.Bb3 b5 13.axb5 axb5 14.Rxa8 Rxa8 15.Ng5 Rf8
16.d5 h6 17.Nf3 b4 18.dxc6 bxc3 19.cxb7 Qxb7 20.bxc3 Nxe4 21.Ra1 Ndc5 22.Qc4 Bf6
23.Nd2 Rc8 24.Nxe4 Nxe4 25.Ra7 Rxc4 26.Rxb7 Rxc3 27.Bxf7+ Kh7 28.Bd5 Nc5
29.Bxc5 dxc5 30.g3 Ra3 31.h4 h5 32.Be4+ Kg8 33.Kf1 Kf8 34.Ke2 Ke8 35.Kd2 Ra4
36.Kd3 Rd4+ 37.Ke3 Be7 38.c3 Rc4 39.Bf5  1-0

[Event "KNSB TCh-NED 2007-8"]
[Site "Netherlands NED"]
[Date "2007.11.24"]
[Round "4"]
[White "Ringoir,T"]
[Black "Heemskerk,W"]
[Result "1-0"]
[WhiteElo "2236"]
[BlackElo "2233"]

1.e4 d6 2.d4 Nf6 3.Nc3 e5 4.Nf3 Nbd7 5.Bc4 Be7 6.O-O O-O 7.h3 c6 8.a4 Nxe4
9.Nxe4 d5 10.Nxe5 Nxe5 11.dxe5 dxc4 12.Nd6 Be6 13.Nxb7 Qb6 14.Nd6 Rfd8 15.a5 Qb8
16.Qf3 Bxd6 17.exd6 Bd5 18.Qg4 Qxd6 19.Re1 Re8 20.Bf4 Qg6 21.Qxg6 hxg6 22.a6 f6
23.Rxe8+ Rxe8 24.Be3 Re7 25.Bc5 Rc7 26.Ra4 Be6 27.Rb4 Bc8 28.Rb8 Kh7 29.Bd6 Rd7
30.Rxc8 Rxd6 31.Rc7 Rd1+ 32.Kh2 Rd2 33.Rxa7 c3 34.Rb7 cxb2 35.a7 Rd8 36.Rxb2 Ra8
37.Rb7 g5 38.g4 Kh6 39.Kg3 g6 40.Rc7 c5 41.Kf3 f5 42.gxf5 gxf5 43.Rc6+ Kh5
44.Ra6 c4 45.Kg3 c3 46.f3  1-0

[Event "TCh-HUN 2007-8"]
[Site "Budapest HUN"]
[Date "2007.11.25"]
[Round "3"]
[White "Kormos,Ad"]
[Black "Zambo,Z"]
[Result "0-1"]
[WhiteElo "2146"]
[BlackElo "2278"]

1.e4 d6 2.d4 Nf6 3.Nc3 c6 4.Be2 Qa5 5.Bd2 Qb6 6.Nf3 Bg4 7.Na4 Qc7 8.e5 Ne4
9.exd6 exd6 10.c4 Be7 11.O-O O-O 12.Bf4 Qa5 13.b4 Qf5 14.Qc1 b5 15.Nb2 d5
16.c5 Bf6 17.Be3 Nd7 18.a4 a6 19.Ra3 Rfe8 20.Re1 Nf8 21.Qa1 Rab8 22.axb5 axb5
23.Nd3 Ng6 24.Nde5 Nxe5 25.dxe5 Bxf3 26.exf6 Bxe2 27.Rxe2 Nxf6 28.Ra6 d4  0-1

[Event "67th ch-ITA"]
[Site "Martina Franca ITA"]
[Date "2007.11.26"]
[Round "4"]
[White "Manca,F"]
[Black "Borgo,G"]
[Result "1/2-1/2"]
[WhiteElo "2405"]
[BlackElo "2440"]

1.e4 d6 2.d4 Nf6 3.Nc3 e5 4.Nf3 Nbd7 5.Bc4 Be7 6.O-O O-O 7.h3 c6 8.a4 a5
9.Re1 h6 10.Be3 Nh7 11.Qe2 Ng5 12.Rad1 Nxf3+ 13.Qxf3 Bg5 14.Ne2 g6 15.Ng3 Kg7
16.c3 Qf6 17.Qxf6+ Kxf6 18.Bb3 Bxe3 19.Rxe3 Ke7 20.Rf1 Nb6 21.f4  1/2-1/2

[Event "Open"]
[Site "Rijeka CRO"]
[Date "2007.11.26"]
[Round "2"]
[White "Pejic,Ir"]
[Black "Rukavina,J"]
[Result "1/2-1/2"]
[WhiteElo "2121"]
[BlackElo "2393"]

1.e4 d6 2.d4 Nf6 3.Nc3 e5 4.Nf3 Nbd7 5.h3 c6 6.a4 Be7 7.Be3 O-O 8.Be2 b6
9.O-O a6 10.Qd2 Bb7 11.Bg5 b5 12.dxe5 dxe5 13.Bxf6 Nxf6 14.Qxd8 Raxd8 15.Nxe5 b4
16.Nd1 Nxe4 17.Ne3 Bc5 18.Bd3 Rfe8 19.N3c4 Nd6 20.Nxd6 Rxd6 21.Rfe1 Rde6
22.Nf3 Rxe1+ 23.Rxe1 Rxe1+ 24.Nxe1 Bd4 25.b3 c5 26.Kf1 h6 27.Ke2 Kf8 28.Nf3 Bb2
29.g3 Bc3 30.Nd2 Bxd2 31.Kxd2 a5 32.Bc4 Ke7 33.Ke3 Bc8 34.h4 Bf5 35.Bd3 Bd7
36.Be4 f6 37.Bd3 Kd6 38.Be4 c4 39.Kd4 cxb3 40.cxb3 Be6 41.Bc2 g5 42.Bd1 Bf7
43.Bc2  1/2-1/2

[Event "Open"]
[Site "Rijeka CRO"]
[Date "2007.11.26"]
[Round "2"]
[White "Coimbra,M"]
[Black "Golubovic,B"]
[Result "1/2-1/2"]
[WhiteElo "2124"]
[BlackElo "2437"]

1.e4 d6 2.d4 Nf6 3.Nc3 Nbd7 4.Nf3 e5 5.Bc4 Be7 6.O-O O-O 7.a4 c6 8.a5 h6
9.h3 Rb8 10.Be3 b5 11.axb6 axb6 12.Ra7 b5 13.Bd3 Re8 14.Qa1 Bf8 15.Re1 Bb7
16.Qa5 Qxa5 17.Rxa5 b4 18.Nb1 exd4 19.Bxd4 c5 20.Bxf6 Nxf6 21.Nbd2 c4 22.Nxc4 Nxe4
23.Ne3 g6 24.Nd5 Bxd5 25.Rxd5 Nc5 26.Rxe8 Rxe8 27.Bc4 Na4 28.b3 Nb6 29.Bb5 Ra8
30.Rd1 Ra2 31.Bd3 Nd5 32.g3 Nc3 33.Rc1 d5 34.Nd2 Kg7 35.Kg2 Bc5 36.Kf1 f5
37.f3 Kf6 38.Nb1 Nxb1 39.Rxb1 Bd4  1/2-1/2

[Event "Open"]
[Site "Rijeka CRO"]
[Date "2007.11.26"]
[Round "3"]
[White "Sedlak,N"]
[Black "Sebenik,M"]
[Result "1-0"]
[WhiteElo "2605"]
[BlackElo "2480"]

1.e4 d6 2.d4 Nf6 3.Nc3 e5 4.Nf3 Nbd7 5.g4 Nxg4 6.Rg1 Ngf6 7.Bc4 h6 8.Be3 c6
9.Qe2 b5 10.dxe5 dxe5 11.Bb3 Bb7 12.O-O-O Qc7 13.Nh4 Rh7 14.f4 a5 15.a4 b4
16.Bxf7+ Kxf7 17.Qc4+ Ke8 18.Nb5 Qd8 19.Qe6+ Qe7 20.Nd6+ Kd8 21.Bb6+ Nxb6
22.Nc8+ Nfd7 23.Nxe7 Bxe7 24.Ng6  1-0

[Event "CVCT"]
[Site "Wijk aan Zee NED"]
[Date "2007.11.26"]
[Round "7"]
[White "Ris,R"]
[Black "Den Heeten,D"]
[Result "1-0"]
[WhiteElo "2381"]
[BlackElo "2258"]

1.e4 d6 2.d4 Nf6 3.Nc3 Nbd7 4.g4 h6 5.f3 c5 6.dxc5 Nxc5 7.Be3 Qa5 8.Qd2 Bd7
9.a3 Ne6 10.b4 Qd8 11.Nd5 Nc7 12.c4 e6 13.Nc3 Be7 14.Nge2 Kf8 15.Nd4 Nfe8
16.Be2 Bh4+ 17.Kf1 Bf6 18.Kg2 Rc8 19.Rac1 a6 20.Nb3 Na8 21.Rhd1 Bg5 22.c5 Bxe3
23.Qxe3 dxc5 24.Nxc5 Rc7 25.Qd4 Ke7 26.Nxb7 Rxb7 27.Qc5+ Kf6 28.e5+ Kg6 29.Bd3+ f5
30.gxf5+ exf5 31.e6 Qg5+ 32.Kh1 Rc7 33.Bxf5+ Qxf5 34.Rg1+ Kf6 35.Nd5+ Kxe6
36.Qe7+ Kxd5 37.Rgd1+ Qd3 38.Rxd3+  1-0

[Event "Open"]
[Site "Rijeka CRO"]
[Date "2007.11.30"]
[Round "7"]
[White "Ruzic,Sa"]
[Black "Orenda,O"]
[Result "0-1"]
[WhiteElo "1917"]
[BlackElo "2120"]

1.e4 d6 2.d4 Nf6 3.Nc3 Nbd7 4.Nf3 e5 5.Bc4 Be7 6.O-O c6 7.Be3 O-O 8.Nd2 b5
9.Bd3 Bb7 10.f4 Qb6 11.Nf3 Ng4 12.Qe1 Bf6 13.Nd1 exd4 14.Bd2 c5 15.h3 Ne3
16.Bxe3 dxe3 17.Qxe3 c4 18.Qxb6 Nxb6 19.e5 Bxf3 20.Rxf3 dxe5 21.Be4 Rad8
22.f5 Rd4 23.Nf2 Na4 24.b3 Nc5 25.Re1 Bh4 26.g3 Bd8 27.Bc6 Bb6 28.Bxb5 cxb3
29.axb3 f6 30.Kf1 Rfd8 31.Bd3 Kf7 32.Rfe3 g6 33.fxg6+ hxg6 34.g4 Rf4 35.Bc4+ Kg7
36.Ke2 e4 37.Rg3 Ne6 38.Nd1 Rd4 39.Ke3 g5  0-1

[Event "Open"]
[Site "Rijeka CRO"]
[Date "2007.12.01"]
[Round "8"]
[White "Jovanovic,Zo CRO"]
[Black "Rukavina,J"]
[Result "1-0"]
[WhiteElo "2549"]
[BlackElo "2393"]

1.e4 d6 2.d4 Nf6 3.Nc3 e5 4.Nf3 Nbd7 5.g4 c6 6.g5 Nh5 7.Be3 g6 8.Qd2 Bg7
9.O-O-O Qe7 10.dxe5 dxe5 11.Bh3 O-O 12.Qd6 Qxd6 13.Rxd6 Nb6 14.Bxc8 Rfxc8
15.Rhd1 Nf4 16.b3 Re8 17.Kb2 Ne6 18.a4 Kf8 19.a5 Nc8 20.Rd7 b5 21.Na2 Re7
22.Nb4 Ke8 23.R7d2 Rc7 24.Na6 Re7 25.h4 f5 26.gxf6 Bxf6 27.Ng5 Bxg5 28.hxg5 Kf7
29.Rd3 Re8 30.Rd7+ Re7 31.R7d2 Re8 32.Rd3 Ne7 33.Rd7 Red8 34.Rxd8 Nxd8 35.Rd7 Ne6
36.Nc7 Rd8 37.Rxd8 Nxd8 38.Bxa7 Nc8 39.Be3 Ke7 40.Na6 Kd7 41.Kc3 Nf7 42.Nc5+ Kc7
43.Ne6+ Kb7 44.Nf8 c5 45.Nxh7 b4+ 46.Kc4 Kc6 47.Bxc5  1-0

[Event "TCh-AUT 1st Bundesliga 2007-8"]
[Site "Baden AUT"]
[Date "2007.12.02"]
[Round "3"]
[White "Wittmann,W"]
[Black "Moser,Gue"]
[Result "1/2-1/2"]
[WhiteElo "2304"]
[BlackElo "2354"]

1.e4 c6 2.d4 d6 3.Nc3 Nf6 4.f4 Qa5 5.Bd3 e5 6.Nf3 Bg4 7.Be3 Nbd7 8.O-O Be7
9.h3 Bxf3 10.Qxf3 O-O 11.a3  1/2-1/2

[Event "TCh-BEL 2007-8"]
[Site "Belgium BEL"]
[Date "2007.12.02"]
[Round "5"]
[White "Kaufeld,J"]
[Black "Beeckmans,F"]
[Result "1-0"]
[WhiteElo "2283"]
[BlackElo "2295"]

1.e4 d6 2.d4 Nf6 3.Nc3 Nbd7 4.g3 e5 5.Nge2 c6 6.Bg2 b5 7.O-O b4 8.Na4 c5
9.c3 bxc3 10.dxc5 cxb2 11.Bxb2 dxc5 12.f4 Qc7 13.Nec3 Bb7 14.Nb5 Qb8 15.fxe5 Nxe5
16.Bxe5 Qxe5 17.Rf5 Qb8 18.e5 Ne4 19.Qb3  1-0

[Event "Chigorin Mem A"]
[Site "St Petersburg RUS"]
[Date "2007.12.02"]
[Round "2"]
[White "Andreikin,D"]
[Black "Levin,Ev"]
[Result "1-0"]
[WhiteElo "2555"]
[BlackElo "2428"]

1.e4 d6 2.d4 Nf6 3.Nc3 c6 4.f4 Qa5 5.Bd3 e5 6.dxe5 dxe5 7.Nf3 Bg4 8.fxe5 Nfd7
9.e6 fxe6 10.h3 Bxf3 11.gxf3 Qh5 12.f4 Qh4+ 13.Kf1 Bd6 14.Qg4 Qf6 15.Ke2 e5
16.f5 Qf7 17.Rg1 Nf6 18.Qxg7 Qh5+ 19.Kf2 Rf8 20.Qxb7 Nfd7 21.Rg7 Nb6 22.Bg5 N8d7
23.Qxc6 Rf7 24.Rg8+  1-0

[Event "Parsvnath ch-Commonwealth"]
[Site "New Delhi IND"]
[Date "2007.12.03"]
[Round "1"]
[White "Mari Arul,S"]
[Black "Mitali,M"]
[Result "1/2-1/2"]
[WhiteElo "2285"]
[BlackElo "1878"]

1.e4 d6 2.d4 Nf6 3.Nc3 e5 4.Nf3 Nbd7 5.Bc4 Be7 6.O-O O-O 7.a4 c6 8.Re1 b6
9.d5 cxd5 10.Nxd5 Nxd5 11.Bxd5 Rb8 12.a5 Nf6 13.axb6 axb6 14.Ra7 Bg4 15.h3 Bxf3
16.Qxf3 Nxd5 17.exd5 Ra8 18.Rb7 Rb8 19.Rxb8 Qxb8 20.Qb3 Qa7 21.Be3 Qa5 22.Rd1 Rb8
23.Qa3 Rc8 24.Qxa5 bxa5 25.c3 Rc4 26.Ra1 a4 27.Kf1 f5 28.Ke2 e4  1/2-1/2

[Event "Parsvnath ch-Commonwealth"]
[Site "New Delhi IND"]
[Date "2007.12.03"]
[Round "2"]
[White "Swathi,G"]
[Black "Bhakti,K"]
[Result "1-0"]
[WhiteElo "2316"]
[BlackElo "2112"]

1.e4 d6 2.d4 Nf6 3.Nc3 e5 4.Nf3 Nbd7 5.Bc4 Be7 6.O-O O-O 7.Re1 c6 8.a4 Qc7
9.Ba2 b6 10.h3 Bb7 11.dxe5 dxe5 12.Nh4 g6 13.Bh6 Rfe8 14.Qf3 Bf8 15.Bg5 Bg7
16.Rad1 Rf8 17.Rd2 Kh8 18.Red1 h6 19.Rxd7 Nxd7 20.Bxf7 Nc5 21.Nxg6+ Kh7 22.Be7 Rxf7
23.Qxf7 Rc8 24.Qf5 Na6 25.Rd7 Qb8 26.Bf6  1-0

[Event "Chigorin Mem A"]
[Site "St Petersburg RUS"]
[Date "2007.12.03"]
[Round "3"]
[White "Khairullin,I"]
[Black "Mihajlovskij,S"]
[Result "0-1"]
[WhiteElo "2567"]
[BlackElo "2480"]

1.e4 d6 2.d4 Nf6 3.Nc3 e5 4.Nf3 Nbd7 5.Be2 Be7 6.g4 h6 7.g5 hxg5 8.Nxg5 c6
9.Be3 Ng4 10.Bxg4 Bxg5 11.Qd2 Bxe3 12.Qxe3 Qh4 13.Bxd7+ Bxd7 14.dxe5 dxe5
15.Rd1 Qe7 16.Ne2 O-O-O 17.Qxa7 Qb4+ 18.c3 Qxb2 19.Qa8+ Kc7 20.Qa5+ Kb8 21.Qxe5+ Kc8
22.Qa5 Be6 23.Qa8+ Kc7 24.Qa5+ Qb6 25.Qe5+ Kc8 26.O-O Rde8 27.Ng3 Bh3 28.Qxg7 Bxf1
29.Rxf1 Qc7 30.Rd1 Qf4 31.Qd4 Rd8 32.Qa4 Rxd1+ 33.Qxd1 Qh4 34.Qa4 Qxh2+ 35.Kf1 Qh3+
36.Ke1 Kb8 37.Qd4 Re8 38.Qd6+ Kc8 39.Qa3 Qe6 40.Qa8+ Kc7 41.Qa5+ Kb8 42.Kf1 Qe5
43.Qb4 Qb5+ 44.Qxb5 cxb5 45.Ke2 Kc7 46.Kd3 Ra8 47.Nf5 Rxa2 48.f4 Rf2 49.Ke3 Rh2
50.Kd4 Kd7 51.e5 b4 52.cxb4 Rb2 53.Kc5 b6+ 54.Kb5 Rf2 55.Ne3 Rxf4 56.Nd5 Rf3
57.Nxb6+ Ke6 58.Kc5 Kxe5 59.Nc4+ Ke6 60.b5 Rb3 61.b6 f6 62.Kc6 Rc3 63.Kc5 Kd7
64.Kb4 Rc2 65.Kc5 Rc1 66.Kd5 Rb1 67.Kc5 f5 68.Ne5+ Kc8 69.Kc6 f4 70.Nf3 Rb3
71.Ne5 Rc3+ 72.Kd5 f3 73.Ng4 Rc2 74.Ke4 f2  0-1

[Event "Parsvnath ch-Commonwealth"]
[Site "New Delhi IND"]
[Date "2007.12.04"]
[Round "3"]
[White "Negi,P"]
[Black "Gokhale,C"]
[Result "1/2-1/2"]
[WhiteElo "2514"]
[BlackElo "2333"]

1.e4 d6 2.d4 Nf6 3.Nc3 e5 4.Nge2 exd4 5.Nxd4 Be7 6.g3 O-O 7.Bg2 c6 8.O-O Re8
9.Re1 Bf8 10.h3 Nbd7 11.g4 Nc5 12.g5 Nfd7 13.f4 a5 14.Be3 Nb6 15.b3 d5 16.e5 Ne6
17.Nxe6 Bxe6 18.Ne4 Nc4 19.bxc4 dxe4 20.Qxd8 Rexd8 21.c5 Bf5 22.Red1 Be7
23.Kf2 f6 24.Rxd8+  1/2-1/2

[Event "ch-GRE"]
[Site "Igoumenitsa GRE"]
[Date "2007.12.05"]
[Round "5"]
[White "Papadopoulos,I"]
[Black "Kotronias,V"]
[Result "1-0"]
[WhiteElo "2445"]
[BlackElo "2614"]

1.e4 d6 2.d4 Nf6 3.Nc3 Nbd7 4.Nf3 e5 5.Bc4 Be7 6.O-O O-O 7.Re1 c6 8.a4 b6
9.Bg5 a6 10.d5 cxd5 11.Nxd5 Nxd5 12.Qxd5 Rb8 13.Bxe7 Qxe7 14.Qd2 Nc5 15.Rad1 b5
16.axb5 axb5 17.Ba2 Rb6 18.Re3 b4 19.Ne1 Bg4 20.f3 Qa7 21.Bd5 Bd7 22.Nd3 Ne6
23.Kh1 Nd4 24.f4 Bg4 25.Rf1 Be6 26.fxe5 dxe5 27.Nxe5 Bxd5 28.exd5 Ra6 29.Ree1 Rd6
30.Nxf7 Rxd5 31.Nh6+  1-0

[Event "Parsvnath ch-Commonwealth"]
[Site "New Delhi IND"]
[Date "2007.12.05"]
[Round "5"]
[White "Gusain,H"]
[Black "Mitali,M"]
[Result "1-0"]
[WhiteElo "2085"]
[BlackElo "1878"]

1.e4 d6 2.d4 Nf6 3.Nc3 e5 4.Nf3 Nbd7 5.Bc4 Be7 6.Bb3 O-O 7.O-O c6 8.h3 b5
9.a3 Bb7 10.Bg5 a5 11.Bxf6 Bxf6 12.d5 Nc5 13.dxc6 Bxc6 14.Bd5 Qc7 15.Qe2 Rab8
16.Bxc6 Qxc6 17.Nd5 Bd8 18.Rfd1 Rb7 19.Ne1 f5 20.exf5 Rxf5 21.b4 Na4 22.Qe4 Qc8
23.Rd3 Rbf7 24.Rf3 Rxf3 25.Nxf3 Nc3 26.Nxc3 Qxc3 27.Rd1 Be7 28.bxa5 Qxa5
29.Rd3 Qc7 30.Rb3 Rf4 31.Qd5+ Kh8 32.Rxb5 Qxc2 33.Rb7 Bf8 34.Rb8 Qg6 35.a4 Qf6
36.a5 e4 37.Nd4 Rxf2 38.Ne6 Rxg2+ 39.Kxg2 Qf3+ 40.Kg1 Qe3+ 41.Kf1 Qxh3+ 42.Ke1 Qe3+
43.Kd1 Qf3+ 44.Kc1 Qc3+ 45.Kb1 Qe1+ 46.Ka2 Qf2+ 47.Ka3 Qe3+ 48.Ka4 h6 49.Rxf8+ Kh7
50.Qf5+ g6 51.Qf7+  1-0

[Event "Open"]
[Site "Ascona SUI"]
[Date "2007.12.07"]
[Round "7"]
[White "Maze,S"]
[Black "Stojanovic,An"]
[Result "1-0"]
[WhiteElo "2576"]
[BlackElo "2274"]

1.e4 d6 2.d4 Nf6 3.Nc3 e5 4.Nge2 exd4 5.Nxd4 Be7 6.Bf4 O-O 7.Qd2 Nc6 8.O-O-O Nxd4
9.Qxd4 Be6 10.f3 Nd7 11.g4 Bg5 12.Qe3 Bxf4 13.Qxf4 Qh4 14.Qg3 Qxg3 15.hxg3 h6
16.Be2 Nf6 17.Nb5 Rfc8 18.c4 a6 19.Nc3 b5 20.Nd5 Bxd5 21.cxd5 c6 22.dxc6 Rxc6+
23.Kb1 Rac8 24.Rc1 d5 25.Rxc6 Rxc6 26.exd5 Nxd5 27.Rd1 Rc5 28.a3 Kf8 29.f4 Ke7
30.Bf3 Nb6 31.Rd3 a5 32.b3 Nc8 33.Kb2 Nb6 34.Be2 Nd5 35.Rd4 Nc7 36.Re4+ Kd6
37.b4 axb4 38.axb4 Rd5 39.Kc3 Kd7 40.Bf3 Rd6 41.g5 hxg5 42.fxg5 Rd5 43.Rg4 Re5
44.Rd4+ Ke7 45.Bc6 Rxg5 46.Rd7+ Ke6 47.Rxc7 Rxg3+ 48.Kd2 Kd6 49.Rc8 Rg4 50.Be8 Ke7
51.Kc3 Rg3+ 52.Kd4 Rg4+ 53.Ke5 Rxb4 54.Bc6 f6+ 55.Kd5 Rb2 56.Rc7+ Kf8 57.Kd6 g5
58.Ke6 g4 59.Be4 Re2 60.Kf5 g3 61.Rc1 g2 62.Rg1 Ke7 63.Bxg2 Kd6 64.Rd1+ Kc5
65.Bf1 Rb2 66.Ke4 Rb4+ 67.Ke3 Rb3+ 68.Bd3 Kb4 69.Rf1 Rc3 70.Kd2 Rc5 71.Rxf6 Rg5
72.Bc2 Rg2+ 73.Kc1 Rg5 74.Kb2 Re5 75.Rf4+ Kc5 76.Kc3 Rg5  1-0

[Event "Bali Torneo de las Estrellas"]
[Site "Benidorm ESP"]
[Date "2007.12.07"]
[Round "2"]
[White "Fedorchuk,S"]
[Black "Jobava,Ba"]
[Result "0-1"]
[WhiteElo "2645"]
[BlackElo "2644"]

1.e4 d6 2.d4 Nf6 3.Nc3 e5 4.Nf3 Nbd7 5.Bc4 Be7 6.O-O O-O 7.Re1 c6 8.a4 h6
9.h3 a5 10.Ba2 Re8 11.Nh4 exd4 12.Qxd4 Nc5 13.Ng6 Be6 14.Nxe7+ Qxe7 15.Bf4 Rad8
16.e5 dxe5 17.Qxe5 Qf8 18.Be3 Nxa4 19.Qxa5 Ra8 20.Qc7 Nxc3 21.Bxe6 Rxa1 22.Rxa1 Nb5
23.Qxb7 Rxe6 24.c4 Nd6 25.Qxc6 Nf5 26.Qb7 Nxe3 27.fxe3 Qc5 28.Ra8+ Kh7 29.Qxf7 Qxe3+
30.Kh1 Qc1+  0-1

[Event "SVDB IM Norm"]
[Site "Eupen BEL"]
[Date "2007.12.07"]
[Round "1"]
[White "Hautot,S"]
[Black "Gulbas,C"]
[Result "1/2-1/2"]
[WhiteElo "2333"]
[BlackElo "2365"]

1.e4 d6 2.d4 Nf6 3.Nc3 Nbd7 4.Nf3 e5 5.Bc4 Be7 6.O-O O-O 7.Re1 c6 8.a4 b6
9.Bg5 a6 10.Ba2 Rb8 11.Qd3 b5 12.axb5 axb5 13.Ne2 h6 14.Bxf6 Bxf6 15.c3  1/2-1/2

[Event "Open"]
[Site "Granada ESP"]
[Date "2007.12.07"]
[Round "5"]
[White "Del Rey,D"]
[Black "Strikovic,A"]
[Result "0-1"]
[WhiteElo "2397"]
[BlackElo "2551"]

1.d4 d6 2.e4 Nf6 3.Nc3 e5 4.dxe5 dxe5 5.Qxd8+ Kxd8 6.Bc4 Ke8 7.Nf3 Bd6 8.O-O Nbd7
9.Bg5 h6 10.Bh4 c6 11.Rad1 Bc7 12.a4 Ke7 13.Rfe1 Re8 14.Nd2 a5 15.Ba2 Nb6
16.f3 Be6 17.Bxe6 Kxe6 18.Bf2 Nfd7 19.b3 Bd6 20.Ne2 Bc5 21.Nc1 Bxf2+ 22.Kxf2 Nc5
23.Nf1 Red8 24.Ne3 g6 25.Rxd8 Rxd8 26.Rd1 Rxd1 27.Nxd1 Nbd7 28.Nc3 Kd6 29.Ke3 h5
30.h4 Nf8 31.N1e2 Nfe6 32.g4 hxg4 33.fxg4 Nd7 34.Nd1 Nf6 35.Nf2 b5 36.Kd2 Nc5
37.axb5 Ncxe4+ 38.Nxe4+ Nxe4+ 39.Ke3 Nf6 40.g5 Nd5+ 41.Ke4 cxb5 42.c4 bxc4
43.bxc4 Nb6 44.c5+ Kxc5 45.Kxe5 Nd7+ 46.Ke4 Kc4 47.Nc1 a4 48.Ke3  0-1

[Event "Parsvnath ch-Commonwealth"]
[Site "New Delhi IND"]
[Date "2007.12.07"]
[Round "7"]
[White "Sai,KG"]
[Black "Gokhale,C"]
[Result "1/2-1/2"]
[WhiteElo "2167"]
[BlackElo "2333"]

1.e4 d6 2.d4 Nf6 3.Nc3 e5 4.dxe5 dxe5 5.Qxd8+ Kxd8 6.Bg5 Be6 7.O-O-O+ Nd7
8.Nf3 Bd6 9.Bb5 Kc8 10.Bxf6 gxf6 11.Bxd7+ Kxd7 12.Nd5 Bxd5 13.Rxd5 Rhg8 14.g3 c6
15.Rd3 Ke6 16.Rhd1 Rad8 17.Nh4 Bc7 18.Nf5 Rxd3 19.Rxd3 Rd8 20.Rxd8 Bxd8 21.Kd2 Bb6
22.Ke2 Bc5 23.Kf3 a5 24.b3 b5 25.a4 Bb4 26.Kg4 Bf8 27.h4 Kd7  1/2-1/2

[Event "Open"]
[Site "Granada ESP"]
[Date "2007.12.08"]
[Round "7"]
[White "Korneev,O"]
[Black "Strikovic,A"]
[Result "1/2-1/2"]
[WhiteElo "2587"]
[BlackElo "2551"]

1.e4 d6 2.d4 Nf6 3.Nc3 e5 4.Nf3 Nbd7 5.Bc4 Be7 6.O-O O-O 7.a4 c6 8.Re1 b6
9.d5 cxd5 10.Nxd5 Nxd5 11.Bxd5 Rb8 12.Qd3 Nc5 13.Qc4 Bd7 14.Be3 Rc8 15.Bxc5 Rxc5
16.Qb3 g6 17.Qd3 Kg7 18.b4 Rc7 19.c4 a5 20.Qe3 Ra7 21.Reb1 Qc7 22.bxa5 bxa5
23.h4 Rb8 24.Rb5 Bxb5 25.cxb5 Bd8 26.Rc1 Qe7 27.h5 h6 28.hxg6 Bb6 29.Qd2 fxg6
30.Rc6 Rc7 31.Rxb6 Rxb6 32.Qxa5 Rc1+ 33.Kh2 Rb8 34.b6 Rcc8 35.Qa6 g5 36.Ne1 g4
37.g3 h5 38.Ng2 Rf8 39.Nh4 Rxf2+ 40.Kg1 Rbf8 41.Qa7 Rf1+ 42.Kh2 R1f2+ 43.Kg1 Rf1+
44.Kh2 R1f2+  1/2-1/2

[Event "SVDB IM Norm"]
[Site "Eupen BEL"]
[Date "2007.12.09"]
[Round "3"]
[White "Litwak,A"]
[Black "Hautot,S"]
[Result "1-0"]
[WhiteElo "2298"]
[BlackElo "2333"]

1.e4 d6 2.d4 Nf6 3.Nc3 Nbd7 4.Nf3 e5 5.Bc4 Be7 6.O-O O-O 7.Re1 c6 8.a4 b6
9.b3 a6 10.Bb2 Bb7 11.Bd3 Re8 12.Ne2 Bf8 13.Ng3 g6 14.Qd2 Qc7 15.c4 Rad8
16.Bc3 Bg7 17.Qb2 h6 18.Rad1 Nh7 19.h3 Nhf8 20.d5 c5 21.Nh2 a5 22.f4 Nh7
23.f5 h5 24.Rf1 Bh6 25.Bd2 Bxd2 26.Rxd2 Ndf6 27.Rdf2 Rf8 28.Nf3 Qe7 29.Qd2 Nd7
30.h4 Ndf6 31.Ng5 Ng4 32.Rf3 Bc8 33.Be2 Nhf6 34.Rd3 Bd7 35.Bxg4 Nxg4 36.Rdf3 Bc8
37.f6 Qc7 38.Nh3 Kh7 39.Qg5 Rg8 40.Nxh5 Nh6 41.Ng7 Rh8 42.h5 Bg4 43.Rg3 gxh5
44.Nf2 Qd7 45.Nxg4 hxg4 46.Nf5 Nxf5 47.Rxf5  1-0